|
|
|
|
| LEADER |
00778cam a2200181 7i4500 |
| 001 |
0000026128 |
| 005 |
20170218090000.0 |
| 008 |
090202 eng |
| 090 |
0 |
0 |
|a TK5105
|b .M63 2006
|
| 100 |
0 |
|
|a Muhammed Ashraf Abd Wahab
|
| 245 |
1 |
0 |
|a (1) Corporate website and (2) Online car sales for Transby Componenet Sdn Bhd
|c Muhammed Ashraf Abd Wahab.
|
| 260 |
|
|
|a Bestari Jaya, Selangor:
|b UNISEL,
|c 2006.
|
| 300 |
|
|
|a vii, 48 p.:
|b ill.;
|c 30 cm.
|
| 610 |
2 |
|
|a Universiti Industri Selangor
|
| 650 |
0 |
0 |
|a Website --
|x design and maintenance
|
| 650 |
0 |
0 |
|a Online --
|x sales and marketing
|
| 997 |
|
|
|a Communication, Visual Art & Computing, Faculty
|b Computing, Department
|
| 999 |
|
|
|a PTR0000112
|b PRACTICAL TRAINING REPORT
|c PRACTICAL TRAINING REPORT
|e Thesis Room, Bestari Jaya
|